<?xml version="1.0" encoding="UTF-8"?>
<record
    xmlns:xsi="http://www.w3.org/2001/XMLSchema-instance"
    xsi:schemaLocation="http://www.loc.gov/MARC21/slim http://www.loc.gov/standards/marcxml/schema/MARC21slim.xsd"
    xmlns="http://www.loc.gov/MARC21/slim">

  <leader>00599cam a2200205   4500</leader>
  <controlfield tag="001">BP2002862</controlfield>
  <controlfield tag="008">      t19921992mx a                spa  </controlfield>
  <datafield tag="020" ind1=" " ind2=" ">
    <subfield code="a">9684227514</subfield>
  </datafield>
  <datafield tag="035" ind1=" " ind2=" ">
    <subfield code="a">BP2002862</subfield>
  </datafield>
  <datafield tag="100" ind1="1" ind2=" ">
    <subfield code="a">Guerra Tejeda, Manuel</subfield>
  </datafield>
  <datafield tag="245" ind1="1" ind2="0">
    <subfield code="a">Geometria analitica /</subfield>
    <subfield code="c">Manuel Guerra Tejeda, Silvia Figueroa Campos.</subfield>
  </datafield>
  <datafield tag="260" ind1=" " ind2=" ">
    <subfield code="a">M&#xE9;xico :</subfield>
    <subfield code="b">McGraw-Hill,</subfield>
    <subfield code="c">c1992</subfield>
  </datafield>
  <datafield tag="300" ind1=" " ind2=" ">
    <subfield code="a">327 p. ;</subfield>
    <subfield code="c">23 cm.</subfield>
  </datafield>
  <datafield tag="506" ind1=" " ind2=" ">
    <subfield code="a">Rec. Prop. DGB.</subfield>
  </datafield>
  <datafield tag="504" ind1=" " ind2=" ">
    <subfield code="a">Incluye &#xED;ndice</subfield>
  </datafield>
  <datafield tag="650" ind1=" " ind2="7">
    <subfield code="a">Geometria analitica </subfield>
    <subfield code="2">Lemb</subfield>
  </datafield>
  <datafield tag="700" ind1="1" ind2=" ">
    <subfield code="a">Figueroa Campos, Silvia, coaut.</subfield>
  </datafield>
  <datafield tag="942" ind1=" " ind2=" ">
    <subfield code="2">lcc</subfield>
    <subfield code="L">IB</subfield>
  </datafield>
  <datafield tag="999" ind1=" " ind2=" ">
    <subfield code="c">112258</subfield>
    <subfield code="d">112258</subfield>
  </datafield>
  <datafield tag="952" ind1=" " ind2=" ">
    <subfield code="1">0</subfield>
    <subfield code="2">lcc</subfield>
    <subfield code="4">0</subfield>
    <subfield code="7">0</subfield>
    <subfield code="a">BACH-005</subfield>
    <subfield code="b">BACH-005</subfield>
    <subfield code="c">GENERAL</subfield>
    <subfield code="d">2019-12-09</subfield>
    <subfield code="f">1 a ed.</subfield>
    <subfield code="k">CNE</subfield>
    <subfield code="o">QA551 G88 1992 C:1</subfield>
    <subfield code="p">PJM000000825</subfield>
    <subfield code="r">2019-12-09 00:00:00</subfield>
    <subfield code="t">1</subfield>
    <subfield code="v">1.00</subfield>
    <subfield code="y">LIB</subfield>
  </datafield>
  <datafield tag="952" ind1=" " ind2=" ">
    <subfield code="1">0</subfield>
    <subfield code="2">lcc</subfield>
    <subfield code="4">0</subfield>
    <subfield code="7">0</subfield>
    <subfield code="a">BACH-005</subfield>
    <subfield code="b">BACH-005</subfield>
    <subfield code="c">GENERAL</subfield>
    <subfield code="d">2019-12-09</subfield>
    <subfield code="f">1 a ed.</subfield>
    <subfield code="k">CNE</subfield>
    <subfield code="o">QA551 G88 1992 C:2</subfield>
    <subfield code="p">PJM000000826</subfield>
    <subfield code="r">2019-12-09 00:00:00</subfield>
    <subfield code="t">2</subfield>
    <subfield code="v">1.00</subfield>
    <subfield code="y">LIB</subfield>
  </datafield>
  <datafield tag="952" ind1=" " ind2=" ">
    <subfield code="1">0</subfield>
    <subfield code="2">lcc</subfield>
    <subfield code="4">0</subfield>
    <subfield code="7">0</subfield>
    <subfield code="a">BACH-005</subfield>
    <subfield code="b">BACH-005</subfield>
    <subfield code="c">GENERAL</subfield>
    <subfield code="d">2020-02-25</subfield>
    <subfield code="f">1 a ed.</subfield>
    <subfield code="k">CNE</subfield>
    <subfield code="o">QA551 G84 2001</subfield>
    <subfield code="p">PJM000001508</subfield>
    <subfield code="r">2020-02-25 00:00:00</subfield>
    <subfield code="t">1</subfield>
    <subfield code="v">1.00</subfield>
    <subfield code="y">LIB</subfield>
  </datafield>
</record>
